| 000 | 00532nam a2200193Ia 4500 | ||
|---|---|---|---|
| 005 | 20250326144949.0 | ||
| 008 | 250326s9999 xx 000 0 und d | ||
| 020 | _a0-415-25032-3 | ||
| 037 | _aTextbook | ||
| 040 |
_aFMSL _beng _cFMSL |
||
| 041 |
_aeng _2eng |
||
| 084 |
_aX8(A):8 P1 _qFMSL |
||
| 100 |
_aStreatfield P J _9750387 |
||
| 245 | 0 |
_aParadox control on organizations _cStreatfield P J |
|
| 260 |
_aNY _bNY, Routledge _c2001 |
||
| 300 | _axii,155 | ||
| 942 |
_cTB _hX8(A):8 P1 |
||
| 999 |
_c1305827 _d1305827 |
||